• 首页
  • 本馆介绍
  • 公告通知
  • 最新文献
  • 馆藏检索
  • 电子资源
  • 读者导购
  • 参考咨询
  • 我的图书馆
  • 登录
  • 详细信息显示
  • 放入我的书架
  • 预约/预借图书
  • 作者相关作品
  • 分类相关作品
  • 丛书相关作品
  • 出版社相关作品

书目信息

  • 表格格式
  • 工作单格式
  • 卡片格式
题名:
普洱绿色发展研究
    
 
作者: 白应华 著
分册:  
出版信息: 北京   中国社会科学出版社  2016
页数: 304页
开本: 24cm
丛书名:
单 册:
中图分类: F127.743
科图分类:
主题词: 绿色经济--lv se jing ji--区域经济发展--研究--普洱
电子资源:
ISBN: 978-7-5161-5641-4
000 01053nam0 22002291 450
001 0119171344
005 20170619171344.0
010    @a978-7-5161-5641-4@dCNY72.00
100    @a20170427d2016 em y0chiy50 ea
101 0  @achi
102    @aCN@b110000
105    @ay z 000yy
106    @ar
200 1  @a普洱绿色发展研究@9pu er lv se fa zhan yan jiu@f白应华[等]著
210    @a北京@c中国社会科学出版社@d2016
215    @a304页@d24cm
330    @a本书以普洱绿色发展为分析框架,在对普洱“生态立市、绿色发展”战略确立及实践进行全面阐述的基础上,从理论、实践和政策相结合的研究视角,采用纵向研究与横向研究相结合、宏观研究与微观研究相结合、理论分析与经验分析相结合、定量分析与定性分析相结合的研究方法,对普洱绿色发展的条件、绿色发展的主要内容、绿色发展的支撑保障机制等问题作了全面的分析,以期对普洱绿色发展的实践及未来发展趋向有一个系统的梳理和论述。
606 0  @a绿色经济@9lv se jing ji@x区域经济发展@x研究@y普洱
690    @aF127.743@v5
701  0 @a白应华@9bai ying hua@4著
801  0 @aCN@b百万庄@c20170617
905    @b1013169-74@dF127.743@e309@f6
    
    普洱绿色发展研究/白应华[等]著.-北京:中国社会科学出版社,2016
    304页;24cm
    
    
    ISBN 978-7-5161-5641-4:CNY72.00
    本书以普洱绿色发展为分析框架,在对普洱“生态立市、绿色发展”战略确立及实践进行全面阐述的基础上,从理论、实践和政策相结合的研究视角,采用纵向研究与横向研究相结合、宏观研究与微观研究相结合、理论分析与经验分析相结合、定量分析与定性分析相结合的研究方法,对普洱绿色发展的条件、绿色发展的主要内容、绿色发展的支撑保障机制等问题作了全面的分析,以期对普洱绿色发展的实践及未来发展趋向有一个系统的梳理和论述。
●
相关链接 在E读中查询图书 在五车中查询图书 在当当中查询图书 在豆瓣中查询图书


正题名:普洱绿色发展研究     索取号:F127.743/309         预约/预借

序号 登录号 条形码 馆藏地/架位号 状态 备注
1 1013169   210131695   第一样本阅览室/ [索取号:F127.743/309] 在馆    
2 1013170   210131702   教育系资料室/ [索取号:F127.743/309] 在馆    
3 1013171   210131711   教育系资料室/ [索取号:F127.743/309] 在馆    
4 1013172   210131720   教育系资料室/ [索取号:F127.743/309] 在馆    
5 1013173   210131739   第一借阅区/ [索取号:F127.743/309] 在馆    
6 1013174   210131748   第一借阅区/ [索取号:F127.743/309] 在馆    
唐山师范学院图书馆 欢迎您!
大连网信软件有限公司© 版权所有